Yeat - 2093 (P3) Tracklist - Statistics

General Stats
  • This quiz has been taken 32 times
  • The average score is 19 of 28
Answer Stats
No. Answer % Correct
3 Breathe
100%
24 1093
88%
17 2093
88%
10 ILUV
88%
1 Psycho CEO
88%
11 Tell Me
84%
19 Familia
80%
9 Lyfestyle
80%
5 Bought The Earth
76%
23 If We Being Real
76%
4 More
72%
6 Nothing Change
72%
2 Power Trip
72%
18 Stand On It
72%
16 Team CEO
72%
8 U Should Know
72%
7 As We Speak
68%
28 H.A.B
64%
13 Never Quit
64%
21 Psychocaine
64%
25 Time Passed
64%
12 Shade
60%
14 Keep Pushin
52%
26 Oh My Pockets
52%
15 Riot and Set It Off
52%
22 Run They Mouth
52%
27 SKLUB
52%
20 Mr. Imbetweenit
12%
No matching quizzes found
Score Distribution
Percent of People with Each Score
Percentile by Number Answered
Your Score History
You have not taken this quiz